00618nam a2200181 i 450000100060000000300090000600500170001500700030003200800410003510000210007624500800009726000430017730000220022070000230024285200320026599900170029795201220031431020ES-MaACL20230906154308.0t|030128s1969 sp ||||1| spa d1 aBatty, J.92649110aPresupuestos y costes standard / cpor J. Batty ; traducida por: F. Vargas. aMadrid : bIbérico Europea, c[1969] a495 p. ; c22 cm.1 aVargas, F.9113191 aES-MaACLjC-36055 bR.68893 c31020d31020 00104070aATENEOMbATENEOMcDEPO2d2008-01-17eSCl0oC-36055p1032045r2023-02-23 00:00:00w2023-02-23yMONOGRAFIA